000
00307cam a2200133ua 4500
020
_a
9788126551361
082
_a
631.3
_b
CUL/FA
100
_a
Culpin, Claude .
_9
1073
245
_a
Farm Machinery /
250
_a
10 / 12 th
260
_a
New Delhi
_b
Wiley India
_c
2014
300
_a
450 ; ./444
942
_c
BK
999
_c
9482
_d
9482